Teuerste Transfers von Borussia Dortmund (Verkäufe) - Statistiken

Allgemein
  • Dieses Quiz wurde 1.135 mal gespielt
    158 seit der letzten Aktualisierung
  • Das Durchschnittsergebnis liegt bei 25 aus 56
Antwortstatistiken
Ablöse
(Mio Euro)
Saison Neuer
Verein
Spieler % Korrekt
148 17/18 Barcelona Ousmane Dembele
98%
127 23/24 Real Madrid Jude Bellingham
97%
85 21/22 Man United Jadon Sancho
96%
37 13/14 Bayern Mario Götze
94%
35 16/17 Bayern Mats Hummels
94%
60 22/23 Man City Erling Haaland
89%
63,75 17/18 Arsenal Pierre-Emerick Aubameyang
85%
56 25/26 Chelsea Jamie Gittens
81%
64 18/19 Chelsea Christian Pulisic
78%
27 16/17 Man. City Ilkay Gündogan
76%
27 24/25 West Ham Niclas Füllkrug
74%
17,5 22/23 ManCity Manuel Akanji
68%
23 19/20 Villarreal Paco Alcacer
63%
16 12/13 Man. United Shinji Kagawa
63%
20 19/20 Benfica Julian Weigl
61%
42 16/17 Man. United Henrikh Mkhitaryan
55%
10 11/12 Real Madrid Nuri Sahin
53%
32 19/20 Paris Abdou Diallo
50%
17 17/18 Gladbach Matthias Ginter
49%
15 19/20 Real Sociedad Alexander Isak
46%
20 18/19 West Ham Andriy Yarmolenko
46%
4 25/26 Gladbach Giovanni Reyna
46%
5 25/26 Kopenhagen Youssoufa Moukoko
42%
4,25 09/10 Basel Alex Frei
38%
13 17/18 Celta Vigo Emre Mor
38%
5 24/25 Union Berlin Tom Rothe
38%
5 23/24 Frankfurt Ansgar Knauff
37%
10,5 17/18 Betis Sevilla Marc Bartra
35%
8 15/16 Gladbach Jonas Hofmann
34%
12,5 17/18 Leverkusen Sven Bender
34%
4 23/24 Anderlecht Thorgan Hazard
34%
5 18/19 Stuttgart Gonzalo Castro
33%
7 18/19 Newcastle Mikel Merino
33%
11 21/22 Marseille Leonardo Balerdi
32%
4 20/21 Bremen Ömer Toprak
32%
7,3 08/09 Hamburg Mladen Petric
31%
16 18/19 Arsenal Sokratis Papastathopoulos
31%
8,5 12/13 GZ Evergrande Lucas Barrios
30%
20 19/20 Dyn. Moskau Maximilian Philipp
30%
10 06/07 Arsenal Tomas Rosicky
30%
12 17/18 Chongqing Lian. Adrián Ramos
29%
4 19/20 Frankfurt Sebastian Rode
29%
11 15/16 FC Sevilla Ciro Immobile
28%
9,25 04/05 Bayern Torsten Frings
28%
7,5 25/26 Straßburg Soumaïla Coulibaly
25%
6 21/22 FC Sevilla Thomas Delaney
24%
15 01/02 Parma Evanilson
22%
8 12/13 Wolfsburg Ivan Perisic
22%
11 15/16 Leverkusen Kevin Kampl
22%
9 19/20 Hoffenheim Jacob Bruun Larsen
19%
6,5 06/07 Betis Sevilla David Odonkor
18%
5 16/17 Wolfsburg Jakub Blaszczykowski
18%
12,6 98/99 Florenz Jörg Heinrich
18%
7,6 97/98 Inter Paulo Sousa
12%
4,5 07/08 Rac. Santander Ebi Smolarek
11%
4 17/18 Freiburg Pascal Stenzel
7%
Keine übereinstimmenden Quizze gefunden
Verteilung der Resultate
Anzahl Personen mit jedem Resultat
Perzentil nach korrekt beantworteten Fragen
Ihre Resultats-Entwicklung
Sie haben dieses Quiz seit der letzten Aktualisierung nicht gespielt